|
|
|
|
| LEADER |
00000nab a2200000 a 4500 |
| 001 |
vtls000730839 |
| 003 |
SK-MaSNL |
| 005 |
20260304215635.0 |
| 008 |
250429c1999 xo 0 slo |
| 015 |
|
|
|a SNBRB2000/09-22818
|
| 035 |
|
|
|a CLN000082966
|
| 035 |
|
|
|a urn:nbn:sk:snk-ab6jek
|
| 035 |
|
|
|a (uuid)3ff7c408-8b48-437e-858c-e5ed4d74f932
|
| 035 |
|
|
|a (urnnbn)urn:nbn:sk:snk:ar-004jox
|
| 035 |
|
|
|a (sysno)vtls000730839
|
| 040 |
|
|
|a SNKBUCL
|b slo
|c SNKBUCL
|e AACR2
|
| 041 |
0 |
|
|a slo
|
| 044 |
|
|
|a xo
|c SK
|
| 080 |
|
|
|a 621.039.7
|2 1997
|
| 080 |
|
|
|a 628.47.047
|2 1997
|
| 100 |
1 |
|
|a Tölgyessy, Juraj,
|d 1931-2014
|4 aut
|9 212932
|
| 245 |
1 |
0 |
|a Žiariace odpady
|b čo s rádioaktívnymi odpadmi z jadrovej energetiky?
|c Juraj Tölgyessy, Margita Harangozó
|
| 300 |
|
|
|b Fotogr.
|
| 650 |
0 |
7 |
|a rádioaktívny odpad
|2 snkbucl
|9 50832
|
| 655 |
|
7 |
|a články z novín a časopisov
|2 snkbucl
|9 267496
|
| 700 |
1 |
|
|a Harangozó, Margita,
|d 1945-
|4 aut
|9 110362
|
| 773 |
0 |
|
|t Enviromagazín
|g Roč. 4, č. 2 (1999), s. 28-29
|x 1335-1877
|
| 850 |
|
|
|a Slovenská národná knižnica
|
| 852 |
|
|
|a Slovenská národná knižnica
|
| 954 |
|
|
|a odborná, vedecká literatúra pôvodná (slovenská)
|2 lita
|
| 958 |
|
|
|a article27
|
| 958 |
|
|
|a OND
|
| 958 |
|
|
|a EUIPO
|
| 992 |
|
|
|a RBX
|
| 999 |
|
|
|c 3147531
|d 3149461
|